[Event "Berlin Lieb Memorial 3rd"]
[Site "Berlin"]
[Date "2017.07.06"]
[Round "7"]
[White "Koeckeritz, Dieter"]
[Black "Goelling, Stefan"]
[Result "1-0"]
[WhiteElo "1638"]
[BlackElo "1642"]
[PlyCount "53"]
[EventDate "2017.05.11"]
[EventType "swiss"]
[EventRounds "7"]
[EventCountry "GER"]
[SourceTitle "CBM 189 Extra"]
[Source "ChessBase"]
[SourceDate "2019.06.03"]
[SourceVersion "1"]
[SourceVersionDate "2019.06.03"]
[SourceQuality "1"]

1. e4 e5 2. Nf3 Nc6 3. d3 Bc5 4. Be2 d6 5. 0-0 Be6 6. Nbd2 g5 7. Nb3 g4 8. Ng5 Bxb3 9. axb3 h6 10. Nxf7 Kxf7 11. Bxg4 Nf6 12. Bh3 h5 13. Bg5 Qe7 14. Kh1 h4 15. f4 Be3 16. Bxf6 Kxf6 17. fxe5+ Kxe5 18. Rf5+ Ke6 19. Rf3+ Ke5 20. Rxe3 Qg5 21. Qd2 Nd4 22. Rae1 Raf8 23. c3 Nc2 24. Qxc2 Qxe3 25. d4+ Kf4 26. Rxe3 Kxe3 27. Bf5 1-0